[Event "Acropolis 2008"]
[Site "Athens"]
[Date "2008.08.11"]
[Round "3.34"]
[White "Panagiotopoulos, Alexandros"]
[Black "Makropoulou, Marina"]
[Result "0-1"]
[WhiteElo "2197"]
[BlackElo "2244"]
[PlyCount "88"]
[EventDate "2008.08.09"]

1. e4 e5 2. d4 exd4 3. Qxd4 Nc6 4. Qa4 Nf6 5. Nc3 Bc5 6. Nf3 O-O 7. Bb5 a6 8.
O-O axb5 9. Qxa8 b4 10. e5 bxc3 11. exf6 Qxf6 12. Bg5 Qg6 13. bxc3 d5 14. Qa4
Bf5 15. Qh4 Bxc2 16. Qg3 Bb6 17. Bf4 Qxg3 18. Bxg3 f6 19. Rfe1 Kf7 20. Nd2 Ra8
21. Bf4 Nd8 22. Be3 c5 23. Nb3 Ne6 24. Rec1 Bd3 25. Rd1 Bc4 26. f3 g5 27. g3
Ke7 28. Kg2 Kd6 29. f4 gxf4 30. gxf4 Kc6 31. Kf3 Nc7 32. Bd2 Nb5 33. Re1 Nd6
34. Red1 Ne4 35. Be1 f5 36. Rdb1 Bd3 37. Rb2 Nd6 38. a4 Nc4 39. Rba2 Re8 40.
Bf2 Be4+ 41. Kg3 Rg8+ 42. Kh3 Bg2+ 43. Kh4 Bd8+ 44. Kh5 Rg6 0-1

[Event "Acropolis 2008"]
[Site "Athens"]
[Date "2008.08.11"]
[Round "3.35"]
[White "Karlovich, Anastazia"]
[Black "Petraki, Maria"]
[Result "1-0"]
[WhiteElo "2242"]
[BlackElo "2069"]
[PlyCount "123"]
[EventDate "2008.08.09"]

1. e4 c5 2. Nf3 d6 3. Bc4 Nc6 4. d4 cxd4 5. Nxd4 Nf6 6. Nc3 e5 7. Nf3 Be6 8.
Bb3 Be7 9. Bg5 O-O 10. Bxf6 Bxf6 11. O-O Na5 12. Nd5 Nxb3 13. axb3 Bxd5 14.
Qxd5 Qb6 15. Rfd1 Be7 16. Nd2 Rfd8 17. Nc4 Qc7 18. Rd3 a6 19. Rf3 Bf8 20. Rd1
Rac8 21. c3 Qe7 22. Qd2 Qe6 23. Nb6 Rc6 24. Nd5 Rdc8 25. Qg5 Qg6 26. Qh4 Kh8
27. Rg3 Qe6 28. Rh3 h6 29. Rf3 b5 30. Qh5 Kg8 31. Rg3 a5 32. Ra1 Ra8 33. Qe2 b4
34. c4 f5 35. Nxb4 Rb6 36. Nd5 Rb7 37. h3 f4 38. Rd3 Be7 39. b4 Bd8 40. b5 Rc8
41. Rc3 Qg6 42. g3 fxg3 43. Rxg3 Qe6 44. b3 Rf7 45. Qh5 Kh7 46. Rf3 Rxf3 47.
Qxf3 Rb8 48. Kh2 Kg8 49. Qf5 Qxf5 50. exf5 Kf7 51. Kg3 g6 52. fxg6+ Kxg6 53.
Kf3 Kf5 54. Ne3+ Ke6 55. Ke4 Bh4 56. f3 Rf8 57. Nd5 Bd8 58. b6 Kd7 59. Rxa5 Kc6
60. Ra8 Kb7 61. Ra7+ Kb8 62. Rd7 1-0

[Event "Acropolis 2008"]
[Site "Athens"]
[Date "2008.08.11"]
[Round "3.36"]
[White "Filippas, Sebastian"]
[Black "Stiri, Alexandra"]
[Result "0-1"]
[WhiteElo "2240"]
[BlackElo "2149"]
[PlyCount "114"]
[EventDate "2008.08.09"]

1. d4 Nf6 2. c4 g6 3. Nc3 Bg7 4. e4 d6 5. Bg5 a6 6. h3 Nbd7 7. Nf3 O-O 8. Be2
c6 9. O-O Qc7 10. Rc1 Re8 11. Re1 h6 12. Be3 e5 13. d5 c5 14. Rf1 Nf8 15. Ne1
Bd7 16. Nd3 b5 17. cxb5 axb5 18. b4 c4 19. Ne1 Ra3 20. Bd2 g5 21. Nc2 Rxc3 22.
Bxc3 Nxe4 23. Be1 Qa7 24. Kh1 f5 25. f3 Nf6 26. a4 Ng6 27. axb5 Bxb5 28. Bf2
Qa8 29. Ne3 Nf4 30. Bxc4 Bxc4 31. Nxc4 N6xd5 32. Nxd6 Rf8 33. Qb3 Kh7 34. Bc5
Ne2 35. Ra1 Qc6 36. Rfd1 Nd4 37. Bxd4 exd4 38. Nc4 Rb8 39. Qd3 Kh8 40. Rdc1 Qd7
41. Ra5 Rxb4 42. Nd6 Qxd6 43. Rc8+ Bf8 44. Raa8 Ne3 45. Rxf8+ Kg7 46. Rg8+ Kh7
47. Rh8+ Kg7 48. Rag8+ Kf7 49. Ra8 Rc4 50. Qb3 Kg6 51. Rag8+ Kh5 52. g4+ Kh4
53. Qb1 Rc2 54. Qg1 Rg2 55. Qxg2 Nxg2 56. Kxg2 Qg3+ 57. Kf1 Qxf3+ 0-1

[Event "Acropolis 2008"]
[Site "Athens"]
[Date "2008.08.11"]
[Round "3.37"]
[White "Kostopoulos, Evangellos"]
[Black "Georgiou, Kostantinos"]
[Result "0-1"]
[WhiteElo "2150"]
[BlackElo "2236"]
[PlyCount "114"]
[EventDate "2008.08.09"]

1. e4 c5 2. Nf3 d6 3. d4 cxd4 4. Nxd4 Nf6 5. Nc3 Nc6 6. Bc4 Qb6 7. Ndb5 a6 8.
Be3 Qa5 9. Nd4 Ne5 10. Nb3 Qc7 11. Be2 b5 12. O-O e6 13. Nd2 Bb7 14. f4 Ng6 15.
Bd3 Be7 16. a3 Rd8 17. Qf3 O-O 18. Qh3 d5 19. e5 Nd7 20. Bd4 Nc5 21. Kh1 Ne4
22. Rad1 Bc5 23. Ndxe4 dxe4 24. Bxc5 Qxc5 25. Nxe4 Bxe4 26. Bxe4 Qf2 27. Bd3
Qc5 28. Qf3 a5 29. g3 b4 30. axb4 Qxb4 31. b3 Qb6 32. Be4 Qb4 33. Rxd8 Rxd8 34.
Bd3 Qc5 35. Qf2 Qc6+ 36. Qg2 Qc5 37. Qf2 Qc6+ 38. Qf3 Qc5 39. Kg2 Ne7 40. Re1
g6 41. Qf2 Qc3 42. h4 h5 43. Kh3 Kg7 44. Kh2 Nc6 45. Kh3 Nb4 46. Be4 Rd2 47.
Re2 Rxe2 48. Qxe2 Qd4 49. Kh2 Na2 50. Bg2 Nc1 51. Qe1 Qb2 52. Qxa5 Qxc2 53. b4
Nd3 54. b5 Nf2 55. b6 Ng4+ 56. Kh3 Qc1 57. Qa2 Qg1 0-1

[Event "Acropolis 2008"]
[Site "Athens"]
[Date "2008.08.11"]
[Round "3.38"]
[White "Iordanidou, Zoi"]
[Black "Kourousis, Epaminondas"]
[Result "1-0"]
[WhiteElo "2060"]
[BlackElo "2221"]
[PlyCount "27"]
[EventDate "2008.08.09"]

1. e4 c6 2. d4 d5 3. exd5 cxd5 4. Bd3 Nc6 5. c3 Qc7 6. Ne2 e5 7. dxe5 Nxe5 8.
O-O Nf6 9. Nd4 Be7 10. Bf4 O-O 11. Re1 Nfd7 12. Qh5 f5 13. Nxf5 Bf6 14. Ne7+
1-0

[Event "Acropolis 2008"]
[Site "Athens"]
[Date "2008.08.11"]
[Round "3.39"]
[White "Dounis, Alexandros"]
[Black "Kordis, Konstantinos"]
[Result "0-1"]
[WhiteElo "2162"]
[BlackElo "2216"]
[PlyCount "134"]
[EventDate "2008.08.09"]

1. Nf3 Nf6 2. g3 g6 3. Bg2 Bg7 4. O-O O-O 5. d4 d6 6. Re1 Nbd7 7. e4 e5 8. Nc3
c6 9. a4 a5 10. h3 Re8 11. Be3 Qc7 12. Qd2 Rb8 13. Rad1 b5 14. axb5 cxb5 15.
dxe5 b4 16. Nd5 Nxd5 17. exd5 Qd8 18. exd6 Bxb2 19. Bd4 Rxe1+ 20. Rxe1 Bxd4 21.
Nxd4 Qf6 22. Re8+ Kg7 23. Nc6 Ra8 24. h4 Qa1+ 25. Kh2 Nf6 26. Re1 Qb2 27. Qc1
Qc3 28. Ne5 Bf5 29. Kg1 Re8 30. d7 Nxd7 31. Re3 Qxc2 32. Qa1 Rxe5 33. Rxe5 Qc3
34. Re1 Qxa1 35. Rxa1 b3 36. Rxa5 b2 37. Rb5 b1=Q+ 38. Rxb1 Bxb1 39. Kf1 Kf6
40. Ke2 Ke5 41. Ke3 Nf6 42. d6 Kxd6 43. Kf4 h6 44. g4 Nd5+ 45. Kg3 Ke5 46. Bf1
Ba2 47. Bd3 Nf4 48. Ba6 Bd5 49. Bb5 h5 50. gxh5 Nxh5+ 51. Kg4 Nf6+ 52. Kg5 Ne4+
53. Kh6 Nxf2 54. h5 Kf6 55. hxg6 fxg6 56. Be2 Be6 57. Bf3 Bf5 58. Be2 Ng4+ 59.
Kh7 g5+ 60. Kg8 Ne5 61. Kf8 Be4 62. Kg8 Bf3 63. Ba6 g4 64. Bc8 g3 65. Bh3 Ng6
66. Kh7 Nf4 67. Bf1 Be2 0-1

[Event "Acropolis 2008"]
[Site "Athens"]
[Date "2008.08.11"]
[Round "3.40"]
[White "Grapsa, Georgia"]
[Black "Papadopoulou, Vera"]
[Result "1/2-1/2"]
[WhiteElo "2104"]
[BlackElo "2210"]
[PlyCount "39"]
[EventDate "2008.08.09"]

1. Nf3 Nf6 2. c4 e6 3. Nc3 d5 4. g3 d4 5. Na4 c5 6. Bg2 Nc6 7. O-O Be7 8. d3
O-O 9. a3 e5 10. Bg5 Nd7 11. Bxe7 Qxe7 12. Nd2 f5 13. Rb1 a5 14. e3 Ra6 15. Nb3
Nd8 16. exd4 exd4 17. Re1 Qd6 18. Qf3 Nf6 19. Nbxc5 Ra7 20. Qf4 1/2-1/2

[Event "Acropolis 2008"]
[Site "Athens"]
[Date "2008.08.11"]
[Round "3.41"]
[White "Manelidou, Maria"]
[Black "Kokolias, Konstantinos"]
[Result "1-0"]
[WhiteElo "1975"]
[BlackElo "2197"]
[PlyCount "49"]
[EventDate "2008.08.09"]

1. e4 e5 2. Nf3 Nc6 3. Bc4 Bc5 4. c3 Nf6 5. d3 a6 6. Bb3 Ba7 7. O-O O-O 8. Be3
d6 9. Bxa7 Rxa7 10. Nbd2 Ra8 11. Re1 Ne7 12. d4 Ng6 13. Nf1 c6 14. Qd2 Bg4 15.
Bd1 Re8 16. Ng3 d5 17. Nxe5 Bxd1 18. Raxd1 Nxe5 19. dxe5 Rxe5 20. Qd4 Qe8 21.
f4 Re6 22. e5 b5 23. Nf5 Ne4 24. Qd3 Rd8 25. Rxe4 1-0

[Event "Acropolis 2008"]
[Site "Athens"]
[Date "2008.08.11"]
[Round "3.42"]
[White "Klokas, Konstantinos"]
[Black "Makka, Evanthia"]
[Result "1/2-1/2"]
[WhiteElo "2167"]
[BlackElo "2099"]
[PlyCount "72"]
[EventDate "2008.08.09"]

1. e4 d5 2. exd5 Qxd5 3. Nc3 Qa5 4. d4 Nf6 5. Nf3 Ne4 6. Bd3 Nxc3 7. bxc3 g6 8.
Bd2 Bg7 9. O-O O-O 10. Re1 Nc6 11. c4 Qa3 12. Rb1 Nxd4 13. Nxd4 Bxd4 14. Bb4
Qxa2 15. Bxe7 Re8 16. Bxg6 Bxf2+ 17. Kxf2 hxg6 18. Bf6 Bf5 19. Qd2 Rxe1 20.
Rxe1 Qxc2 21. Qxc2 Bxc2 22. g4 g5 23. Re5 Bg6 24. Rxg5 Re8 25. Rd5 c6 26. Rd7
b5 27. cxb5 cxb5 28. Rxa7 Bd3 29. Ra6 Re2+ 30. Kf3 Bc4 31. Kf4 Kf8 32. Ra8+ Re8
33. Rxe8+ Kxe8 34. Bc3 Kf8 35. Kg5 Kg8 36. Kh6 Bd3 1/2-1/2

[Event "Acropolis 2008"]
[Site "Athens"]
[Date "2008.08.12"]
[Round "4.2"]
[White "Gelashvili, Tamaz"]
[Black "Salgado Lopez, Ivan"]
[Result "1-0"]
[WhiteElo "2612"]
[BlackElo "2532"]
[PlyCount "57"]
[EventDate "2008.08.09"]

1. a3 g6 2. Nf3 Bg7 3. e3 Nf6 4. b4 d5 5. c4 O-O 6. Bb2 c6 7. Be2 a5 8. b5 cxb5
9. cxd5 Nxd5 10. Bxg7 Kxg7 11. Bxb5 Bd7 12. Qb3 Bxb5 13. Qxb5 Qd7 14. Qb2+ Kg8
15. O-O Nc6 16. Rc1 Rab8 17. Nc3 Nxc3 18. Rxc3 b5 19. Rac1 Rfc8 20. h4 Na7 21.
h5 Rxc3 22. Rxc3 Qd8 23. h6 Qf8 24. Rc7 Nc8 25. Ne5 Nb6 26. Nc6 Nd5 27. Rd7 Rc8
28. Rxd5 Rxc6 29. Rd8 1-0

[Event "Acropolis 2008"]
[Site "Athens"]
[Date "2008.08.12"]
[Round "4.3"]
[White "Dzagnidze, Nana"]
[Black "Graf, Alexander"]
[Result "1-0"]
[WhiteElo "2458"]
[BlackElo "2621"]
[PlyCount "175"]
[EventDate "2008.08.09"]

1. d4 e6 2. Nf3 c5 3. g3 cxd4 4. Nxd4 a6 5. Bg2 Qc7 6. O-O Nf6 7. e4 Nc6 8. Nc3
Nxd4 9. Qxd4 Bc5 10. Qd3 d6 11. Bf4 Ng4 12. Na4 e5 13. Nxc5 exf4 14. Nb3 Ne5
15. Qd2 f3 16. Bh1 O-O 17. Nd4 Bg4 18. Rfe1 Rac8 19. c3 Qe7 20. b3 Qf6 21. Rad1
Qg6 22. c4 Rfd8 23. a4 Qh5 24. Qf4 f6 25. h3 Qxh3 26. Bxf3 Rc5 27. Bg2 Qh5 28.
f3 Bc8 29. Kf2 Qf7 30. Rh1 Nc6 31. Nxc6 Rxc6 32. Bf1 Qc7 33. Rh5 Be6 34. Be2
Bf7 35. Rf5 Re8 36. g4 Qb6+ 37. Qe3 h6 38. a5 Qd8 39. Qd4 Qc7 40. Rg1 Rc5 41.
b4 Rc6 42. b5 axb5 43. Rxb5 Re5 44. Rgb1 Rxb5 45. Rxb5 Be6 46. Ke3 Kf8 47. f4
Rc5 48. f5 Bd7 49. Rxb7 Qxb7 50. Qxd6+ Ke8 51. Qxc5 Qb2 52. a6 Qa1 53. Qd5 Qxa6
54. Qg8+ Ke7 55. Qxg7+ Ke8 56. Qxh6 Qa1 57. Qh8+ Ke7 58. Qg7+ Ke8 59. Qg8+ Ke7
60. Qd5 Qg1+ 61. Kd2 Qh2 62. Qc5+ Ke8 63. Qd4 Qf4+ 64. Qe3 Qe5 65. g5 fxg5 66.
Qxg5 Qd4+ 67. Bd3 Qf2+ 68. Kc3 Qe1+ 69. Qd2 Qa1+ 70. Qb2 Qa5+ 71. Qb4 Qa1+ 72.
Kd2 Qg1 73. Qb8+ Kf7 74. Qf4 Qa1 75. e5 Qb2+ 76. Ke1 Qc3+ 77. Ke2 Qb2+ 78. Kf1
Qa1+ 79. Kf2 Qb2+ 80. Kg3 Qc3 81. e6+ Bxe6 82. fxe6+ Kxe6 83. Qe4+ Kd6 84. Qd5+
Kc7 85. Kf4 Qd2+ 86. Kf5 Qf2+ 87. Ke6 Qe3+ 88. Qe5+ 1-0

[Event "Acropolis 2008"]
[Site "Athens"]
[Date "2008.08.12"]
[Round "4.4"]
[White "Banikas, Hristos"]
[Black "Caselas Cabanas, Jacobo"]
[Result "1-0"]
[WhiteElo "2572"]
[BlackElo "2418"]
[PlyCount "47"]
[EventDate "2008.08.09"]

1. c4 e6 2. Nc3 d5 3. d4 Nf6 4. Bg5 Be7 5. e3 O-O 6. Nf3 h6 7. Bh4 Ne4 8. Bxe7
Qxe7 9. Rc1 Nxc3 10. Rxc3 c6 11. Qc2 Nd7 12. h3 dxc4 13. Bxc4 e5 14. O-O e4 15.
Nd2 Nf6 16. Bb3 Re8 17. Rc5 Qd6 18. Re5 Rxe5 19. Nc4 Qb4 20. dxe5 Nd7 21. Rd1
b5 22. Nd6 Nxe5 23. a3 Qa5 24. Qxe4 1-0

[Event "Acropolis 2008"]
[Site "Athens"]
[Date "2008.08.12"]
[Round "4.5"]
[White "Rakhmanov, Aleksandr"]
[Black "Kolev, Atanas"]
[Result "1-0"]
[WhiteElo "2489"]
[BlackElo "2565"]
[PlyCount "105"]
[EventDate "2008.08.09"]

1. d4 d5 2. c4 e5 3. e3 exd4 4. exd4 Nf6 5. Nf3 Bb4+ 6. Nc3 O-O 7. Be2 dxc4 8.
O-O Nc6 9. Bxc4 Bd6 10. h3 h6 11. Qc2 Nb4 12. Qb1 Be6 13. Bxe6 fxe6 14. Re1 Qe8
15. Nh4 Qh5 16. Ng6 Rfe8 17. Bf4 Nbd5 18. Bh2 Rad8 19. a3 Qf5 20. Re2 Nxc3 21.
bxc3 Bxh2+ 22. Kxh2 Nd5 23. Rb2 b6 24. Qxf5 exf5 25. Rc1 Re4 26. Ne5 a6 27. g3
Kh7 28. Kg2 Re8 29. a4 c5 30. Nc4 cxd4 31. cxd4 Rc8 32. Rcc2 Rxd4 33. Nd6 Rxc2
34. Rxc2 Rxa4 35. Nxf5 b5 36. Rc5 Nf6 37. Rc7 b4 38. Rxg7+ Kh8 39. Rb7 a5 40.
Nxh6 Ra2 41. Kf3 Rd2 42. g4 Rd3+ 43. Kf4 Rd7 44. Rb8+ Kh7 45. g5 Nd5+ 46. Kf5
Ne7+ 47. Kg4 Ra7 48. Nf5 Ng6 49. h4 a4 50. h5 Nh8 51. Rb6 Ra8 52. g6+ Kg8 53.
Rb7 1-0

[Event "Acropolis 2008"]
[Site "Athens"]
[Date "2008.08.12"]
[Round "4.6"]
[White "Atakisi, Umut"]
[Black "Romanishin, Oleg M"]
[Result "1/2-1/2"]
[WhiteElo "2388"]
[BlackElo "2530"]
[PlyCount "148"]
[EventDate "2008.08.09"]

1. e4 e5 2. Nf3 Nc6 3. Bb5 a6 4. Ba4 Nf6 5. O-O Be7 6. Re1 b5 7. Bb3 d6 8. c3
O-O 9. h3 Na5 10. Bc2 c5 11. d4 Nd7 12. Nbd2 cxd4 13. cxd4 Nc6 14. Nb3 a5 15.
Bd3 a4 16. Bxb5 Qb6 17. Bxc6 Qxc6 18. Nbd2 Bf6 19. b3 axb3 20. Nxb3 Ra4 21. Bg5
Bxg5 22. Nxg5 Nf6 23. Qd3 Qa8 24. Nf3 Ba6 25. Qd1 exd4 26. Nc5 Rc4 27. Nxa6
Qxa6 28. Nxd4 Qa4 29. Nf5 Nxe4 30. Nxd6 Nxd6 31. Qxd6 Rc2 32. a3 g6 33. Rac1
Rxc1 34. Rxc1 Ra8 35. Rc3 h5 36. Rf3 Qc4 37. Re3 Qc1+ 38. Kh2 Qb2 39. Rf3 Qa2
40. Qd3 Qe6 41. h4 Rb8 42. g3 Qa2 43. Rf4 Ra8 44. Rf3 Rb8 45. Kg2 Qe6 46. Re3
Qc6+ 47. Qe4 Qxe4+ 48. Rxe4 Rb3 49. Re3 Rb2 50. Kf1 Ra2 51. Rf3 Kg7 52. Ke1 f6
53. Kd1 g5 54. Kc1 Re2 55. Kd1 Ra2 56. hxg5 fxg5 57. Ke1 Ra1+ 58. Ke2 Ra2+ 59.
Kf1 Ra1+ 60. Kg2 g4 61. Rb3 Ra2 62. Kf1 Kg6 63. Ke1 h4 64. Rb6+ Kh5 65. Rb5+
Kh6 66. gxh4 Rxa3 67. Rg5 Ra4 68. Kf1 Rf4 69. Kg2 Kh7 70. Rc5 Kh6 71. Rc3 Kh5
72. Kg3 Rf5 73. Re3 Ra5 74. Rb3 Rf5 1/2-1/2

[Event "Acropolis 2008"]
[Site "Athens"]
[Date "2008.08.12"]
[Round "4.8"]
[White "Svetushkin, Dmitry"]
[Black "Georgiadis, Ioannis"]
[Result "1-0"]
[WhiteElo "2587"]
[BlackElo "2373"]
[PlyCount "79"]
[EventDate "2008.08.09"]

1. d4 Nf6 2. c4 e6 3. Nf3 b6 4. Bf4 Bb7 5. e3 c5 6. dxc5 Bxc5 7. Nc3 O-O 8. Bd6
Bxd6 9. Qxd6 Bxf3 10. gxf3 Nc6 11. O-O-O Rc8 12. Kb1 a6 13. f4 Na5 14. Qd4 Nc6
15. Qd2 Na5 16. b3 Qc7 17. Rc1 Qb8 18. Be2 Rfd8 19. Rhg1 Nc6 20. Qb2 g6 21. h4
Ne7 22. h5 e5 23. hxg6 hxg6 24. Bd3 d5 25. f5 e4 26. Nxe4 Nxe4 27. Bxe4 dxe4
28. Rh1 Kf8 29. Qh8+ Ng8 30. f6 Qe5 31. Qg7+ Ke8 32. Qxg8+ Kd7 33. Qxf7+ Kc6
34. Rh7 Kc5 35. Qe7+ Qxe7 36. Rxe7 Rd6 37. Rxe4 Rxf6 38. f4 Rd6 39. Re5+ Kc6
40. c5 1-0

[Event "Acropolis 2008"]
[Site "Athens"]
[Date "2008.08.12"]
[Round "4.9"]
[White "Mastrovasilis, Athanasios"]
[Black "Roy Chowdhury, Saptarshi"]
[Result "1-0"]
[WhiteElo "2518"]
[BlackElo "2411"]
[PlyCount "63"]
[EventDate "2008.08.09"]

1. d4 e6 2. c4 b6 3. a3 Bb7 4. Nc3 f5 5. d5 Bd6 6. g3 Nf6 7. Bg2 Na6 8. Nh3 Nc5
9. O-O a5 10. Qc2 O-O 11. Rd1 Qe7 12. Be3 Rab8 13. Rab1 exd5 14. cxd5 Ng4 15.
Bf4 Rbe8 16. Rd4 Be5 17. Bxe5 Qxe5 18. Rbd1 d6 19. b4 axb4 20. axb4 Nd7 21. Nf4
Ndf6 22. h3 Nxf2 23. Kxf2 Qe3+ 24. Kf1 Qxg3 25. R1d3 Qh2 26. Rf3 Re5 27. Rf2
Ra8 28. Bf3 Ra1+ 29. Nd1 Qg3 30. Rg2 Qh4 31. Rxg7+ Kh8 32. Ng6+ 1-0

[Event "Acropolis 2008"]
[Site "Athens"]
[Date "2008.08.12"]
[Round "4.10"]
[White "Sergeev, Aleksander"]
[Black "Zubarev, Alexander"]
[Result "0-1"]
[WhiteElo "2354"]
[BlackElo "2517"]
[PlyCount "82"]
[EventDate "2008.08.09"]

1. d4 Nf6 2. Nf3 c5 3. g3 cxd4 4. Nxd4 e5 5. Nb3 d5 6. Bg2 Be7 7. Bg5 Nbd7 8.
O-O O-O 9. Qd3 h6 10. Bd2 Nb6 11. Ba5 Be6 12. Nc3 d4 13. Ne4 Qc8 14. c3 Nxe4
15. Qxe4 Bd5 16. Qxe5 Bxg2 17. Kxg2 Qc6+ 18. Kg1 Bf6 19. Qh5 dxc3 20. Bxc3 Bxc3
21. Rac1 Qa4 22. bxc3 Qxa2 23. Nd4 Rfe8 24. Qg4 Qc4 25. e4 g6 26. Rfe1 Qc5 27.
h4 h5 28. Qf4 Nc4 29. Rb1 Ne5 30. Re3 b6 31. Rb5 Qe7 32. f3 Rac8 33. g4 hxg4
34. fxg4 Nc4 35. Re2 Ne5 36. Re3 Rc5 37. h5 Rxb5 38. Nxb5 Qd7 39. hxg6 Qxb5 40.
gxf7+ Nxf7 41. Rf3 Re7 0-1

[Event "Acropolis 2008"]
[Site "Athens"]
[Date "2008.08.12"]
[Round "4.11"]
[White "Danielian, Elina"]
[Black "Secer, Ata"]
[Result "1-0"]
[WhiteElo "2495"]
[BlackElo "2320"]
[PlyCount "73"]
[EventDate "2008.08.09"]

1. d4 Nf6 2. Nf3 g6 3. c4 Bg7 4. g3 d5 5. cxd5 Nxd5 6. Bg2 Nb6 7. O-O Nc6 8. e3
O-O 9. Nc3 Re8 10. d5 Na5 11. Nd4 Bd7 12. e4 c6 13. Re1 Rc8 14. Bf4 cxd5 15.
exd5 Nac4 16. b3 Nb2 17. Qd2 N6c4 18. bxc4 Nxc4 19. Qd3 Nb2 20. Qe3 Nc4 21. Qe4
f5 22. Qd3 Nb2 23. Qd2 Nc4 24. Qd1 Nb2 25. Qb3 Bxd4 26. d6+ e6 27. Nd5 Ba4 28.
Qxb7 Nd3 29. Ne7+ Kh8 30. Be3 Bg7 31. Nxc8 Nxe1 32. Rxe1 Qxc8 33. Qxa7 Qd7 34.
Qxd7 Bxd7 35. Rb1 Be5 36. Rb7 Ba4 37. Ra7 1-0

[Event "Acropolis 2008"]
[Site "Athens"]
[Date "2008.08.12"]
[Round "4.12"]
[White "Zhukova, Natalia"]
[Black "Sandalakis, Angelos"]
[Result "1/2-1/2"]
[WhiteElo "2489"]
[BlackElo "2341"]
[PlyCount "50"]
[EventDate "2008.08.09"]

1. d4 Nf6 2. c4 e6 3. Nf3 d5 4. Nc3 Be7 5. Bg5 O-O 6. Qc2 c5 7. dxc5 Qa5 8.
cxd5 exd5 9. e3 Nc6 10. Be2 Qxc5 11. Rd1 h6 12. Bh4 Be6 13. Nd4 Nxd4 14. exd4
Qc7 15. O-O Rfe8 16. Bf3 Qd7 17. Qb3 Ne4 18. Bxe7 Nxc3 19. Qxc3 Qxe7 20. Qb3
Qd7 21. Rc1 Rac8 22. h3 Rc6 23. Rc5 b6 24. Rxc6 Qxc6 25. Qa3 Qc4 1/2-1/2

[Event "Acropolis 2008"]
[Site "Athens"]
[Date "2008.08.12"]
[Round "4.14"]
[White "Dembo, Yelena"]
[Black "Sandu, Mihaela"]
[Result "1-0"]
[WhiteElo "2431"]
[BlackElo "2288"]
[PlyCount "81"]
[EventDate "2008.08.09"]

1. e4 g6 2. d4 c6 3. Nc3 Bg7 4. Nf3 d5 5. h3 dxe4 6. Nxe4 Nd7 7. Bc4 Ngf6 8.
Nxf6+ Nxf6 9. O-O O-O 10. Re1 Qc7 11. Qe2 e6 12. Bb3 Nd5 13. c4 Ne7 14. Qe4 c5
15. Bf4 Qc6 16. d5 Qb6 17. Be5 Nf5 18. Bxg7 Kxg7 19. Rad1 exd5 20. cxd5 Bd7 21.
g4 Nd6 22. Qf4 Rae8 23. Ne5 Bc8 24. Ba4 Re7 25. Nf3 Qc7 26. b4 b6 27. Rxe7 Qxe7
28. bxc5 bxc5 29. Rc1 c4 30. Ne5 Ba6 31. Nd7 Rd8 32. Qd4+ f6 33. g5 Rxd7 34.
Bxd7 Qxd7 35. Qxf6+ Kg8 36. Re1 Qxh3 37. Qxd6 Qg4+ 38. Qg3 Qd7 39. Qb8+ Kf7 40.
Qf4+ Kg8 41. d6 1-0

[Event "Acropolis 2008"]
[Site "Athens"]
[Date "2008.08.12"]
[Round "4.16"]
[White "Exizoglou, Dimitrios"]
[Black "Maric, Alisa"]
[Result "0-1"]
[WhiteElo "2251"]
[BlackElo "2412"]
[PlyCount "130"]
[EventDate "2008.08.09"]

1. e4 c6 2. d4 d5 3. Nc3 dxe4 4. Nxe4 Bf5 5. Ng3 Bg6 6. h4 h6 7. Nf3 Nd7 8. h5
Bh7 9. Bd3 Bxd3 10. Qxd3 Ngf6 11. Bf4 e6 12. O-O-O Be7 13. Kb1 O-O 14. Ne4 Nxe4
15. Qxe4 Nf6 16. Qe2 Qd5 17. Ne5 Qe4 18. Qxe4 Nxe4 19. Rde1 Nf6 20. g4 Rfd8 21.
c3 c5 22. dxc5 Bxc5 23. f3 Bd6 24. Bc1 Nd5 25. g5 hxg5 26. h6 gxh6 27. Rxh6
Bxe5 28. Rxe5 f6 29. Rxe6 Kf7 30. Re1 Rh8 31. Rhh1 Ne7 32. Rhg1 Ng6 33. Re2
Rae8 34. Rf2 Rh4 35. Kc2 Reh8 36. Bxg5 fxg5 37. Rxg5 R8h5 38. Rxh5 Rxh5 39. Rd2
Ke7 40. b4 Ne5 41. Re2 Kd6 42. f4 Ng6 43. Re8 Nxf4 44. Ra8 a6 45. a4 Nd5 46.
Kb3 Kc7 47. Rg8 Rh3 48. Rg7+ Kb6 49. a5+ Ka7 50. Rg4 Nxc3 51. Kc4 Nb5 52. Kc5
Rc3+ 53. Kd5 Kb8 54. Rh4 Rc8 55. Rg4 Rh8 56. Kc5 Rh5+ 57. Kc4 Nd6+ 58. Kc3 Rh3+
59. Kd4 Kc7 60. Kc5 Rh5+ 61. Kd4 Kc6 62. Rg6 Rh3 63. Ke5 Rd3 64. Rh6 Rd5+ 65.
Ke6 Rd4 0-1

[Event "Acropolis 2008"]
[Site "Athens"]
[Date "2008.08.12"]
[Round "4.17"]
[White "Makropoulou, Marina"]
[Black "Kotanjian, Tigran"]
[Result "0-1"]
[WhiteElo "2244"]
[BlackElo "2578"]
[PlyCount "118"]
[EventDate "2008.08.09"]

1. e4 c5 2. Nf3 Nc6 3. Bb5 g6 4. c3 Nf6 5. Qe2 Bg7 6. O-O O-O 7. d4 cxd4 8.
cxd4 a6 9. Bxc6 bxc6 10. Nc3 a5 11. Re1 Ba6 12. Qe3 d6 13. Qg5 Nd7 14. e5 dxe5
15. dxe5 Nc5 16. Qh4 Nd3 17. Rd1 Qc7 18. Bh6 Rfd8 19. Ne4 Bxe5 20. Nfg5 Rd5 21.
Nxh7 Kxh7 22. Bf4+ Kg8 23. Ng5 e6 24. Qh7+ Kf8 25. Bxe5 Rxe5 26. Qh8+ Ke7 27.
Qxa8 Qb6 28. Rxd3 Bxd3 29. Nh3 Re2 30. Qh8 Qxb2 31. Qh4+ Qf6 32. Qxf6+ Kxf6 33.
Nf4 Rd2 34. Nxd3 Rxd3 35. Rc1 Ke5 36. Kf1 Kd5 37. Ke2 Rd4 38. Rc3 g5 39. f3 c5
40. g3 f5 41. Ke3 Rd1 42. Ra3 Rh1 43. Rxa5 Rxh2 44. Ra8 Rg2 45. Rd8+ Kc6 46.
Rc8+ Kd6 47. Rd8+ Ke7 48. Rc8 Kd6 49. Rd8+ Kc7 50. Rg8 Rxg3 51. Kf2 f4 52. a4
c4 53. a5 c3 54. Rg7+ Kd6 55. Rg8 Rh3 56. Kg2 Rh7 57. Rd8+ Rd7 58. Rc8 Rc7 59.
Rd8+ Kc6 0-1

[Event "Acropolis 2008"]
[Site "Athens"]
[Date "2008.08.12"]
[Round "4.18"]
[White "Mastrovasilis, Dimitrios"]
[Black "Simeonidis, Ioannis"]
[Result "1/2-1/2"]
[WhiteElo "2563"]
[BlackElo "2275"]
[PlyCount "87"]
[EventDate "2008.08.09"]

1. e4 d5 2. exd5 Qxd5 3. Nc3 Qa5 4. d4 Nf6 5. Nf3 Bf5 6. Bd2 e6 7. Bc4 Bb4 8.
a3 Bxc3 9. Bxc3 Qb6 10. Qe2 O-O 11. O-O-O Nd5 12. Bxd5 exd5 13. Ne5 Nc6 14. g4
Bc8 15. f4 f6 16. Nxc6 Qxc6 17. Rhe1 Bd7 18. f5 Rae8 19. Qf3 b6 20. Qg3 Rxe1
21. Rxe1 Re8 22. Rxe8+ Bxe8 23. b3 a5 24. Kb2 h5 25. h3 hxg4 26. hxg4 Qd6 27.
Qf3 Bf7 28. Be1 Qd7 29. Bg3 a4 30. Qc3 axb3 31. cxb3 c5 32. a4 Qe7 33. Qe1 Qd7
34. Qc3 Qe7 35. Qe1 Qd7 36. Ka3 Qa7 37. Bd6 cxd4 38. Qd2 b5 39. a5 d3 40. Bb4
Qd4 41. Qc3 Qg1 42. Qe1 Qd4 43. Qc3 Qg1 44. Qe1 1/2-1/2

[Event "Acropolis 2008"]
[Site "Athens"]
[Date "2008.08.12"]
[Round "4.19"]
[White "Sigalas, Frangiskos"]
[Black "Tirard, Hugo"]
[Result "1-0"]
[WhiteElo "2242"]
[BlackElo "2461"]
[PlyCount "81"]
[EventDate "2008.08.09"]

1. e4 c5 2. Nf3 Nc6 3. d4 cxd4 4. Nxd4 e5 5. Nb5 d6 6. N1c3 a6 7. Na3 Be7 8.
Nc4 b5 9. Ne3 Nf6 10. Bd3 O-O 11. O-O Be6 12. a4 b4 13. Ncd5 a5 14. c3 Rb8 15.
Qe2 Nd7 16. Bb5 Na7 17. cxb4 axb4 18. Nxb4 Nc5 19. Ned5 Nb3 20. Be3 Bxd5 21.
Bxa7 Ba8 22. Bxb8 Qxb8 23. Rad1 Nd4 24. Rxd4 exd4 25. Nc6 Bxc6 26. Bxc6 Rc8 27.
Bb5 Bd8 28. Rd1 Bb6 29. Bc4 Bc5 30. b3 Re8 31. Rd3 Qa8 32. Qh5 Qxe4 33. Qxf7+
Kh8 34. g3 Rd8 35. Rf3 d5 36. Bd3 Qe5 37. Kg2 g6 38. Qf6+ Qxf6 39. Rxf6 Rb8 40.
Rc6 Ba3 41. a5 1-0

[Event "Acropolis 2008"]
[Site "Athens"]
[Date "2008.08.12"]
[Round "4.20"]
[White "Georgiou, Kostantinos"]
[Black "Saravanan, V."]
[Result "1/2-1/2"]
[WhiteElo "2236"]
[BlackElo "2405"]
[PlyCount "106"]
[EventDate "2008.08.09"]

1. e4 c5 2. Nf3 d6 3. d4 cxd4 4. Nxd4 Nf6 5. f3 Nc6 6. c4 Nxd4 7. Qxd4 g6 8.
Nc3 Bg7 9. Be3 Be6 10. Be2 O-O 11. Qd2 Qa5 12. O-O Rfc8 13. b3 a6 14. Rac1 b5
15. Nd5 Qxd2 16. Bxd2 Nxd5 17. cxd5 Bd4+ 18. Kh1 Bd7 19. Rxc8+ Rxc8 20. Rc1
Rxc1+ 21. Bxc1 f5 22. g4 fxe4 23. fxe4 Kf7 24. Bf4 Be5 25. Be3 e6 26. Kg2 exd5
27. exd5 Kf6 28. h4 a5 29. Bg5+ Kf7 30. Bd2 b4 31. Bc1 Ke7 32. Be3 Bc3 33. Bb6
a4 34. Kf3 axb3 35. axb3 Be1 36. Ba5 h5 37. gxh5 gxh5 38. Ke4 Be8 39. Kf5 Bxh4
40. Bxb4 Bg3 41. Kg5 h4 42. Bg4 Bb5 43. Bh3 Be2 44. Bc3 Kd8 45. Ba5+ Ke8 46.
Bd2 Bf3 47. Be6 Ke7 48. b4 Be2 49. Bh3 Bc4 50. Be6 Kd8 51. Kg4 Kc7 52. Bg5 Be2+
53. Kh3 Kb6 1/2-1/2